| 000 | 01385nac a22002771u 4500 | ||
|---|---|---|---|
| 010 | _a 2001046756 | ||
| 020 | _a047144250X (cloth : alk. paper) | ||
| 020 | _a0471214779 (CD-ROM) | ||
| 082 | 0 | 0 |
_a620.106 _bM9693 |
| 090 |
_c4533 _d4533 |
||
| 100 | _aMunson, Bruce Roy, | ||
| 245 | 0 | 0 |
_aFundamentals of fluid mechanics / _cBruce R. Munson, Donald F. Young, Theodore H. Okiishi. |
| 250 | _a4th ed. | ||
| 260 |
_aNew York : _bWiley, _cc2002. |
||
| 300 |
_axvii, 840, 6, 10 p. : _bill. (some col.) ; _c27 cm. + _e1 CD ROM (4 3/4 in.) |
||
| 504 | _aIncludes bibliographical references and index. | ||
| 538 | _aSystem requirements for accompanying CD ROM: PC or Macintosh; Windows 95, 98, 2000 or ME. | ||
| 650 | 0 | _aFluid mechanics. | |
| 700 | 1 | _aYoung, Donald F. | |
| 700 | 1 |
_aOkiishi, T. H. _q(Theodore Hisao), _d1939- |
|
| 856 | 4 | 2 |
_3Contributor biographical information _uhttp://www.loc.gov/catdir/bios/wiley043/2001046756.html |
| 856 | 4 | 2 |
_3Table of contents _uhttp://www.loc.gov/catdir/toc/wiley021/2001046756.html |
| 942 |
_cBB _k620.106M9693 |
||
| 999 |
_c4533 _d4533 |
||